| 000 | 02178nam a2200325 i 4500 | ||
|---|---|---|---|
| 001 | 000003609 | ||
| 003 | DO-SdBNP | ||
| 005 | 20260321073638.0 | ||
| 007 | ta | ||
| 008 | 090711s2003 dr 001 0 spa d | ||
| 020 | _a9993476773 | ||
| 040 |
_aDO-SdBNP _bspa _cBNPHU _erda |
||
| 082 | 4 |
_a972.93053 _bB742t, 2003 _222 |
|
| 100 | 1 |
_a Bosch, Juan, _d1909-2001 _eautor _4aut. _976555 |
|
| 245 | 1 | 0 |
_aTrujillo : _bcausas de una tiranía sin ejemplo / _cJuan Bosch ; edición Rafael Julián, Diómedes Núñez Polanco |
| 250 | _aDecima edición | ||
| 264 | 1 |
_aSanto Domingo : _bAlfa & Omega, _c2003. |
|
| 300 |
_a190 páginas ; _c22 cm. |
||
| 336 |
_atexto _btxt _2rdacontent |
||
| 337 |
_asin mediación _bn _2rdamedia |
||
| 338 |
_avolumen _bnc _2rdacarrier |
||
| 505 | 0 |
_aDedicatoria -- _tPrólogo a la segunda edición -- _tIntroducción -- _tEl origen psicológico -- _tOrigen de la deformación social dominicana -- _tLa sociedad colonial y la psicología de Trujillo -- _tTrujillo y la división en gente de primera y gente de segunda -- _tLa venganza de un hombre de segunda -- _tLa venganza de un hombre de segunda -- _tEL origen biológico -- _tEl abandono de La Española: sus consecuencias para el país -- _tLa isla dividida: nacimiento de Haití -- _tLa arritmia histórica dominicana -- _tLa simiente materna de Trujillo llegó con la Ocupación Haitiana de 1822 -- _tNacimiento de Trujillo bajo el signo de la tiranía -- _tDe las luchas civiles a la Ocupación Norteamerica de 1916 -- _tTrujillo: fruto de tres invasiones militares -- _tLa conquista del poder político -- _tLa empresa capitalista llamada República Dominicana -- _tDe dictador a propietario del país -- _tEl gobierno al servicio de la empresa -- _tPsicología de los dominicanos -- _tEpílogo -- _tConclusiones -- _tPost Scriptum. |
|
| 590 | _aInventariado, 2025/BT | ||
| 600 | 1 | 0 |
_aTrujillo Molina, Rafael Leónidas, _d 1891-1961 _976764 |
| 651 | 4 |
_aRepública Dominicana -- _xHistoria -- _yDescubrimiento y conquista, 1492-1503 _9255 |
|
| 700 | 1 |
_aJulián, Rafael, _eeditor _4ed. _9481 |
|
| 700 | 1 |
_aNúñez Polanco, Diómedes, _4ed. _eeditor _987407 |
|
| 910 | _aValidado. Control de calidad MFF | ||
| 942 |
_2ddc _cLBS1 |
||
| 999 |
_c3433 _d3433 |
||